Statistiken für Alle Pokémon - Attacken vom Typ "Wasser"

Klicken Sie hier um das Quiz zu spielen!

Allgemein

  • Dieses Quiz wurde 10 mal gespielt
    (7 seit der letzten Aktualisierung)
  • Das Durchschnittsergebnis liegt bei 16 aus 53

Antwortstatistiken

Attacke% Korrekt
Hydropumpe
100%
Aquahaubitze
86%
Aquaknarre
86%
Blubber
86%
Blubbstrahl
86%
Surfer
86%
Kaskade
71%
Wasserdüse
71%
Aquawelle
57%
Fontränen
57%
Lake
57%
Siedewasser
57%
Taucher
57%
Nassschweif
43%
Präzisionsschuss
43%
Regentanz
43%
Wasserring
43%
Wassersäulen
43%
Aquadurchstoß
29%
Aquaschnitt
29%
Kalkklinge
29%
Schaumserenade
29%
Trefferschwall
29%
Wasser -Shuriken
29%
Wogentanz
29%
Düsenhieb
14%
Dyna -Flut
14%
Hydrodampf
14%
Kiemenbiss
14%
Krabbhammer
14%
Lehmbrühe
14%
Nassmacher
14%
Octazooka
14%
Panzerschutz
14%
Rollwende
14%
Schnapper
14%
Super -Wassertornado
14%
Überflutung
14%
Ursprungswoge
14%
Wellentackle
14%
Whirlpool
14%
Blubbsauger
0%
Dampfschwall
0%
Giga -Beschuss
0%
Giga -Geröll
0%
Giga -Multihieb
0%
Giga -Schaumbad
0%
Giga -Schütze
0%
Grandiose Meeressymphonie
0%
Kalte Dusche
0%
Lebenstropfen
0%
Plätschersurfer
0%
Tauchtriade
0%

Verteilung der Resultate

Perzentil nach korrekt beantworteten Fragen

Anzahl Personen mit jedem Resultat

Ihre Resultats-Entwicklung

Sie haben dieses Quiz seit der letzten Aktualisierung nicht gespielt